[Event "Cologne Longerich op-B 12th"]
[Site "Cologne"]
[Date "2015.08.01"]
[Round "2"]
[White "Geitner, Alexander"]
[Black "Thierkopf, Constantin"]
[Result "0-1"]
[WhiteElo "1264"]
[BlackElo "1551"]
[PlyCount "62"]
[EventDate "2015.07.31"]
[EventType "tourn"]
[EventRounds "5"]
[EventCountry "GER"]
[SourceTitle "EXT 2017"]
[Source "ChessBase"]
[SourceDate "2016.10.25"]
[SourceVersion "1"]
[SourceVersionDate "2016.10.25"]
[SourceQuality "1"]

1. e4 e5 2. Nf3 Nc6 3. Bc4 Bc5 4. c3 Nf6 5. d3 0-0 6. Bg5 Be7 7. 0-0 d6 8. h3 Nd7 9. Be3 Nb6 10. Bb3 Na5 11. Bc2 f5 12. b4 Nc6 13. Bb3+ Kh8 14. exf5 Bxf5 15. Re1 Qd7 16. Nh2 Rf6 17. g4 Bg6 18. Bg5 Rff8 19. Nf3 Rxf3 20. Qxf3 Bxg5 21. Qd1 Rf8 22. Nd2 h5 23. gxh5 Bxd2 24. hxg6 Bh6 25. Re3 Bxe3 26. Qh5+ Bh6 27. Rf1 Rf5 28. Qh4 Rg5+ 29. Kh1 Rxg6 30. f4 Na5 31. bxa5 Qc6+ 0-1

[Event "Nuremberg Zabo op 15th"]
[Site "Nuremberg"]
[Date "2013.09.22"]
[Round "4"]
[White "Geitner, Alexander"]
[Black "Oramas Henriquez, Tomas"]
[Result "0-1"]
[WhiteElo "1114"]
[BlackElo "1433"]
[PlyCount "68"]
[EventDate "2013.09.20"]
[EventType "swiss"]
[EventRounds "5"]
[EventCountry "GER"]
[SourceTitle "EXT 2016"]
[Source "ChessBase"]
[SourceDate "2015.10.08"]
[SourceVersion "1"]
[SourceVersionDate "2015.10.08"]
[SourceQuality "1"]

1. e4 c5 2. Nf3 d6 3. d4 cxd4 4. Nxd4 Nf6 5. Nc3 a6 6. Bd3 Nc6 7. Nxc6 bxc6 8. f4 e6 9. e5 Nd5 10. Nxd5 cxd5 11. Be3 Qh4+ 12. g3 Qh3 13. Qd2 dxe5 14. fxe5 Bb7 15. Rg1 Qh5 16. Be2 Qxe5 17. Qd4 Qc7 18. Qa4+ Bc6 19. Qb3 Rb8 20. Qd3 Bb5 21. Qd1 Bxe2 22. Qxe2 Rxb2 23. Rc1 Bb4+ 24. Bd2 Ba3 25. Qxa6 Rxa2 26. Qb5+ Ke7 27. Qb3 Qe5+ 28. Kf2 Bc5+ 29. Be3 Bxe3+ 30. Qxe3 Qxe3+ 31. Kxe3 Rc8 32. Rg2 Ra3+ 33. Kd2 d4 34. Re2 Kd6 0-1

[Event "Nuremberg Zabo op 15th"]
[Site "Nuremberg"]
[Date "2013.09.21"]
[Round "2"]
[White "Geitner, Alexander"]
[Black "Kurz, Leonhard"]
[Result "0-1"]
[WhiteElo "1114"]
[BlackElo "1533"]
[PlyCount "68"]
[EventDate "2013.09.20"]
[EventType "swiss"]
[EventRounds "5"]
[EventCountry "GER"]
[SourceTitle "EXT 2016"]
[Source "ChessBase"]
[SourceDate "2015.10.08"]
[SourceVersion "1"]
[SourceVersionDate "2015.10.08"]
[SourceQuality "1"]

1. e4 c5 2. Nf3 d6 3. d4 cxd4 4. Nxd4 Nc6 5. Bb5 Bd7 6. Nxc6 bxc6 7. Ba4 Nf6 8. Nc3 g6 9. 0-0 Bg7 10. h3 0-0 11. Bb3 Qc7 12. f4 Nh5 13. Qf3 Bd4+ 14. Be3 Bxc3 15. bxc3 a5 16. a4 e6 17. g4 Ng7 18. c4 c5 19. Bc1 Bc6 20. Bb2 f5 21. Qc3 Bxe4 22. Rad1 e5 23. fxe5 dxe5 24. Qxe5 Qxe5 25. Bxe5 fxg4 26. Rxf8+ Rxf8 27. Bxg7 Kxg7 28. hxg4 Rf4 29. Rd7+ Kh6 30. g5+ Kxg5 31. Rxh7 Rg4+ 32. Kf1 Kf4 33. Ra7 Ke3 34. Re7 Rh4 0-1

[Event "Nuremberg Zabo op 15th"]
[Site "Nuremberg"]
[Date "2013.09.21"]
[Round "3"]
[White "Nestle, Rainer"]
[Black "Geitner, Alexander"]
[Result "1/2-1/2"]
[WhiteElo "1496"]
[BlackElo "1114"]
[PlyCount "43"]
[EventDate "2013.09.20"]
[EventType "swiss"]
[EventRounds "5"]
[EventCountry "GER"]
[SourceTitle "EXT 2016"]
[Source "ChessBase"]
[SourceDate "2015.10.08"]
[SourceVersion "1"]
[SourceVersionDate "2015.10.08"]
[SourceQuality "1"]

1. d4 d5 2. e4 e6 3. Nc3 dxe4 4. Nxe4 e5 5. d5 Nf6 6. Bg5 Be7 7. Bxf6 Bxf6 8. Bb5+ Bd7 9. Qe2 0-0 10. Nf3 a6 11. Bd3 Bg4 12. c4 Nd7 13. h3 Bh5 14. g4 Bg6 15. g5 Be7 16. 0-0-0 f5 17. gxf6 Bxf6 18. Rdg1 Bh5 19. Ned2 Nc5 20. Bxh7+ Kxh7 21. Ng5+ Kh6 22. Ngf3 1/2-1/2